| 000 | 00518nam a2200193Ia 4500 | ||
|---|---|---|---|
| 003 | OSt | ||
| 005 | 20250509151706.0 | ||
| 008 | 210210b1970 xxu||||| |||| 00| 0 eng d | ||
| 040 | _cAL | ||
| 041 | _aKannada | ||
| 082 | _aK894.3 PADK | ||
| 100 |
_a PADMA SHENOY _dಪದ್ಮಾ ಶೆಣೈ _9205844 |
||
| 245 |
_aKoneya Nirdara. _bಕೊನೆಯ ನಿರ್ಧಾರ |
||
| 260 |
_aBengaluru _bHemanta Sahitya _c1970 |
||
| 300 | _a146 | ||
| 690 |
_aKannada Fiction _9205845 |
||
| 906 | _a028051 | ||
| 942 |
_2ddc _cBK |
||
| 999 |
_c79312 _d79312 |
||